Normal view
MARC view
- PhD- Industrial and Manufacturing Engineering
Entry Topical Term
001 - CONTROL NUMBER
- control field: 124344
003 - CONTROL NUMBER IDENTIFIER
- control field: NUST
005 - DATE AND TIME OF LATEST TRANSACTION
- control field: 20240710102104.0
008 - FIXED-LENGTH DATA ELEMENTS
- fixed length control field: 240710|| aca||aabn | a|a d
040 ## - CATALOGING SOURCE
- Original cataloging agency: NUST
- Transcribing agency: NUST
150 ## - HEADING--TOPICAL TERM
- Topical term or geographic name entry element: PhD- Industrial and Manufacturing Engineering
670 ## - SOURCE DATA FOUND
- Source citation: Work cat.: (NUST): Muhammad Imran 3229, Determinants of delays in OEM intensive capital refit projects-evidence from Pakistan's maritime sector/
